1M+ Cities In <10M Countries - Statistics

General Stats
  • This quiz has been taken 23 times
  • The average score is 35 of 43
Answer Stats
Rank City Country Population % Correct
5 Budapest Hungary 2,625,000
100%
2 Dubai United Arab Emirates 5,350,000
100%
1 Singapore Singapore 7,900,000
100%
9 Vienna Austria 2,250,000
100%
18 Copenhagen Denmark 1,680,000
95%
3 Kuwait City Kuwait 4,750,000
95%
12 Minsk Belarus 2,000,000
95%
20 Panama City Panama 1,540,000
95%
6 Doha Qatar 2,425,000
90%
29 Dublin Ireland 1,390,000
90%
7 San José Costa Rica 2,375,000
90%
14 San Salvador El Salvador 1,900,000
90%
4 Tel Aviv Israel 2,700,000
90%
25 Zürich Switzerland 1,430,000
90%
27 Auckland New Zealand 1,410,000
86%
34 Helsinki Finland 1,300,000
86%
24 Muscat Oman 1,430,000
86%
38 Oslo Norway 1,190,000
86%
33 Sofia Bulgaria 1,300,000
86%
35 Tripoli Libya 1,250,000
86%
28 Ulaanbaatar Mongolia 1,400,000
86%
23 Abu Dhabi United Arab Emirates 1,500,000
81%
17 Beirut Lebanon 1,750,000
81%
26 Belgrade Serbia 1,420,000
81%
15 Montevideo Uruguay 1,860,000
81%
31 Tbilisi Georgia 1,350,000
81%
8 Asunción Paraguay 2,350,000
76%
10 Brazzaville Republic of the Congo 2,250,000
76%
32 Managua Nicaragua 1,320,000
76%
21 Manama Bahrain 1,530,000
76%
22 Yerevan Armenia 1,500,000
76%
30 Ashgabat Turkmenistan 1,390,000
71%
41 Bishkek Kyrgyzstan 1,090,000
71%
16 Freetown Sierra Leone 1,790,000
71%
11 Lomé Togo 2,100,000
71%
43 Banjul Gambia 1,000,000
67%
42 Dushanbe Tajikistan 1,010,000
67%
19 Monrovia Liberia 1,590,000
67%
40 Tegucigalpa Honduras 1,150,000
67%
37 Bangui Central African Republic 1,190,000
62%
13 Gaza Palestine 1,960,000
62%
39 Pointe-Noire Republic of the Congo 1,180,000
38%
36 San Pedro Sula Honduras 1,210,000
33%
No matching quizzes found
Score Distribution
Percent of People with Each Score
Percentile by Number Answered
Your Score History
You have not taken this quiz